| 000 | 01449nam0a2200361 4500 | ||
|---|---|---|---|
| 001 | RU\NLR\bibl\198167 | ||
| 005 | 20250619092130.0 | ||
| 010 |
_a5-7345-0137-9 _bВ пер. _95000 |
||
| 021 |
_aRU _b2001-8027 _9386 |
||
| 035 | _a(NLR Aleph) 000194589 | ||
| 090 |
_a1126271 _c1126271 |
||
| 100 | _a20010926d2000 |||y0rusy50 ca | ||
| 101 | 0 | _arus | |
| 102 | _aRU | ||
| 105 | _aa ||||||||| | ||
| 200 | 1 |
_aЭнциклопедия для мальчиков _f[Составители М. В. Бенякова, И. Н. Крайнева] |
|
| 210 |
_aСПб. _cРЕСПЕКС _d2000 |
||
| 215 |
_a441 с. _cил. _d21 |
||
| 606 | 0 |
_aМальчики-подростки _jПопулярная литература _xСоциально-психологические исследования _92183888 _3RU\NLR\auth\661313109 |
|
| 606 | 0 |
_aМальчики-подростки _jПопулярные издания _xСоциально-психологические исследования _92183888 _3RU\NLR\auth\661313109 |
|
| 610 | 0 | _aДетские энциклопедии (д. л.) | |
| 675 |
_a087.5:30 _v3 _zrus |
||
| 686 |
_a92 _2rubbk |
||
| 686 | _aС550.325.1я9 | ||
| 686 |
_aШ9 _bЯ2 |
||
| 701 | 1 |
_aБенякова _gМария Викторовна _4220 |
|
| 801 | 0 |
_aRU _bRKP _c20010926 _gPSBO |
|
| 801 | 1 |
_aRU _bRKP _c20010926 |
|
| 801 | 2 |
_aRU _bNLR _c20011116 _grcr |
|
| 942 | _cBOOK | ||
| 980 | _aNB | ||